[Event "World ol U16"]
[Site "Nakhchivan"]
[Date "2022.10.10"]
[Round "9.2"]
[White "Rakhmatullaev, Almas"]
[Black "Gonzalez Soler, Leduard Manuel"]
[Result "1/2-1/2"]
[WhiteElo "2321"]
[BlackElo "2251"]
[PlyCount "89"]
[EventDate "2022.10.02"]
[EventType "team-swiss"]
[EventRounds "9"]
[EventCountry "AZE"]
[SourceTitle "CBM 210 Extra"]
[Source "ChessBase"]
[SourceDate "2022.11.30"]
[SourceVersion "1"]
[SourceVersionDate "2022.11.30"]
[SourceQuality "1"]
[WhiteTeam "Uzbekistan"]
[BlackTeam "Cuba"]
[WhiteTeamCountry "UZB"]
[BlackTeamCountry "CUB"]

1. e4 c6 2. Nf3 d5 3. Nc3 Bg4 4. h3 Bxf3 5. Qxf3 e6 6. d4 dxe4 7. Qxe4 Nf6 8. Qd3 Bd6 9. Be2 Nbd7 10. 0-0 0-0 11. Rd1 Qc7 12. Ne4 Bh2+ 13. Kh1 Bf4 14. Bf3 Rfd8 15. c3 Nxe4 16. Qxe4 Bxc1 17. Raxc1 Nf6 18. Qe2 Rd7 19. Rd2 Rad8 20. Rcd1 h6 21. g3 g6 22. Kg2 Kg7 23. Qe3 Nd5 24. Qe2 Nf6 25. a3 Kh7 26. Rd3 e5 27. dxe5 Rxd3 28. Rxd3 Rxd3 29. Qxd3 Qxe5 30. Qd8 Kg7 31. Qa8 Qb5 32. b4 Qa6 33. a4 Nd7 34. Qe8 Qd3 35. a5 Qd6 36. Qd8 a6 37. c4 Qe6 38. b5 Ne5 39. Qd4 Kh7 40. bxa6 Nxf3 41. Kxf3 bxa6 42. g4 Qe1 43. Qf6 Qh1+ 44. Kg3 Qg1+ 45. Kf3 1/2-1/2

[Event "World ol U16"]
[Site "Nakhchivan"]
[Date "2022.10.08"]
[Round "7.4"]
[White "Gonzalez Soler, Leduard Manuel"]
[Black "Khamdamova, Afruza"]
[Result "1/2-1/2"]
[WhiteElo "2251"]
[BlackElo "2040"]
[PlyCount "105"]
[EventDate "2022.10.02"]
[EventType "team-swiss"]
[EventRounds "9"]
[EventCountry "AZE"]
[SourceTitle "CBM 210 Extra"]
[Source "ChessBase"]
[SourceDate "2022.11.30"]
[SourceVersion "1"]
[SourceVersionDate "2022.11.30"]
[SourceQuality "1"]
[WhiteTeam "Cuba"]
[BlackTeam "Uzbekistan II"]
[WhiteTeamCountry "CUB"]
[BlackTeamCountry "UZB"]

1. Nf3 Nf6 2. c4 e6 3. g3 d5 4. Bg2 dxc4 5. Qa4+ Nbd7 6. Qxc4 a6 7. Qc2 c5 8. 0-0 b5 9. d4 Bb7 10. a4 Rc8 11. axb5 axb5 12. Qd1 Qb6 13. e3 Be7 14. Nc3 0-0 15. Bd2 cxd4 16. Nxd4 Bxg2 17. Kxg2 b4 18. Na4 Qb7+ 19. f3 Ne5 20. Qe2 Nc4 21. Rac1 Nxd2 22. Qxd2 e5 23. Nf5 Rcd8 24. Qe2 e4 25. f4 Rd5 26. Nd4 Rfd8 27. b3 h5 28. h3 Ne8 29. Rc2 Bf6 30. Nc6 R8d6 31. Qc4 Rd2+ 32. Rf2 Rxf2+ 33. Kxf2 Qd7 34. Qxe4 Rd2+ 35. Kf3 Rxc2 36. Qxc2 Qxh3 37. Nd4 Qg4+ 38. Kg2 Bxd4 39. exd4 h4 40. Qf2 hxg3 41. Qxg3 Qe2+ 42. Qf2 Qe4+ 43. Kf1 Nf6 44. Nc5 Qh1+ 45. Qg1 Qf3+ 46. Qf2 Qd1+ 47. Kg2 Ng4 48. Qf3 Qd2+ 49. Kg3 Ne3 50. Qa8+ Kh7 51. Qh1+ Kg6 52. Qc6+ Kh7 53. Qh1+ 1/2-1/2

[Event "World ol U16"]
[Site "Nakhchivan"]
[Date "2022.10.02"]
[Round "1.8"]
[White "Gonzalez Soler, Leduard Manuel"]
[Black "Hasanli, Rza"]
[Result "1-0"]
[WhiteElo "2251"]
[BlackElo "1566"]
[PlyCount "92"]
[EventDate "2022.10.02"]
[EventType "team-swiss"]
[EventRounds "9"]
[EventCountry "AZE"]
[SourceTitle "CBM 210 Extra"]
[Source "ChessBase"]
[SourceDate "2022.11.30"]
[SourceVersion "1"]
[SourceVersionDate "2022.11.30"]
[SourceQuality "1"]
[WhiteTeam "Cuba"]
[BlackTeam "Azerbaijan Nakhchivan"]
[WhiteTeamCountry "CUB"]
[BlackTeamCountry "AZE"]

1. d4 Nf6 2. Bg5 d5 3. Bxf6 gxf6 4. e3 c5 5. dxc5 e5 6. Qf3 Bxc5 7. Nc3 d4 8. 0-0-0 Nc6 9. Nge2 h5 10. h3 f5 11. exd4 exd4 12. Nd5 Be6 13. Nef4 Bxd5 14. Nxd5 Qg5+ 15. Kb1 0-0-0 16. Bd3 Kb8 17. Bxf5 h4 18. g4 hxg3 19. fxg3 Ne5 20. Qf4 Qg7 21. Be4 Bd6 22. Qf5 Qxg3 23. Rxd4 Rhg8 24. Rhd1 Bc5 25. R4d2 Nc4 26. Rg2 Qe5 27. Qxe5+ Nxe5 28. Rxg8 Rxg8 29. b4 Bf2 30. Nf6 Rg1 31. Rxg1 Bxg1 32. h4 Bd4 33. Nd5 Nd7 34. c3 Be5 35. Kc2 Nf6 36. Nxf6 Bxf6 37. h5 Bg7 38. Kd3 Kc7 39. Bd5 f5 40. c4 b6 41. Be6 f4 42. Ke4 Bh6 43. Bg4 a6 44. Kf5 Kc6 45. Bf3+ Kd7 46. c5 b5 1-0

[Event "Guillermo Garcia Memorial op"]
[Site "Santa Clara"]
[Date "2022.04.30"]
[Round "1"]
[White "Gonzalez Soler, Leduard Manuel"]
[Black "Lopez Rayo, Isabella"]
[Result "1-0"]
[WhiteElo "2178"]
[BlackElo "1823"]
[PlyCount "105"]
[EventDate "2022.04.30"]
[EventType "swiss"]
[EventRounds "9"]
[EventCountry "CUB"]
[SourceTitle "CBM 208 Extra"]
[Source "ChessBase"]
[SourceDate "2022.07.31"]
[SourceVersion "1"]
[SourceVersionDate "2022.07.31"]
[SourceQuality "1"]

1. d4 Nf6 2. Bg5 g6 3. Bxf6 exf6 4. e3 Bg7 5. g3 0-0 6. Bg2 d5 7. Ne2 c6 8. 0-0 b6 9. b3 Ba6 10. Nd2 Qd6 11. c4 Nd7 12. Re1 f5 13. Rc1 Nf6 14. Nf4 Rac8 15. c5 Qe7 16. b4 Rfd8 17. Qa4 Bb5 18. Qc2 Ne4 19. a4 Ba6 20. Bf1 Bxf1 21. Rxf1 Qd7 22. Nxe4 fxe4 23. Rb1 g5 24. Ne2 Re8 25. Rfc1 Re6 26. Qd1 Rh6 27. Qf1 f5 28. cxb6 axb6 29. b5 cxb5 30. Rxc8+ Qxc8 31. axb5 Qd7 32. Rc1 Bf8 33. f4 exf3 34. Qxf3 Qxb5 35. Rf1 Rf6 36. Nc3 Qc6 37. Nxd5 Rd6 38. Qxf5 Qe8 39. Nf6+ Rxf6 40. Qxf6 Qxe3+ 41. Qf2 Qxf2+ 42. Kxf2 b5 43. Ke3 b4 44. Ke4 h6 45. g4 Bd6 46. h3 Kg7 47. Kd5 Bf4 48. Ke6 h5 49. d5 hxg4 50. hxg4 Kf8 51. d6 Ke8 52. Ra1 Kf8 53. d7 1-0